Statistics for Smallest States of Mexico by Area

Click here to take the quiz!

General Stats

  • This quiz has been taken 10 times
  • The average score is 7 of 10

Answer Stats

sq miAnswerkm^2% Correct
2,168.2Aguascalientes5,615.7
89%
8,630.1Mexico22,351.8
78%
1,883.8Morelos4,878.9
78%
10,755.5Nayarit27,856.5
78%
2,172.6Colima5,626.9
67%
8,039.2Hidalgo20,821.4
67%
4,513.8Queretaro11,690.6
67%
9,548.7Tabasco24,730.9
67%
1,543.1Tlaxcala3,996.6
67%
11,817.3Guanajuato30,606.7
44%

Score Distribution

Percentile by Number Answered

Percent of People with Each Score

Your Score History

You have not taken this quiz